English Premier League Top Goalscorers (2016-2017 Season) - Statistics

General Stats
  • This quiz has been taken 118 times
  • The average score is 12 of 20
Answer Stats
Hint Answer % Correct
Manchester City 20 Sergio Aguero
91%
Tottenham Hotspur 29 Harry Kane
90%
Leicester City 13 Jamie Vardy
86%
Arsenal 24 Alexis Sanchez
84%
Chelsea 20 Diego Costa
84%
Everton 25 Romelu Lukaku
84%
Liverpool 13 Philippe Coutinho and Saido Mane
81%
Manchester United 17 Zlatan Ibrahimovic
78%
Crystal Palace 15 Christian Benteke
68%
Bournemouth 16 Joshua King
66%
Watford 10 Troy Deeney
63%
Sunderland 15 Jermain Defoe
61%
Middlesborough 9 Alvaro Negredo
47%
Swansea 15 Fernando Llorente
41%
Stoke City 7 Peter Crouch
39%
West Ham 9 Michail Antonio
34%
Burnley 10 Sam Vokes
34%
West Brom 8 Salomon Rondon
31%
Hull City 7 Robert Snodgrass
27%
Southampton 7 Nathan Redmond
24%
No matching quizzes found
Score Distribution
Percent of People with Each Score
Percentile by Number Answered
Your Score History
You have not taken this quiz